000 01203naa a22003017a 4500
001 BR9214386
003 BR-BrBNA
005 20240918180832.0
007 ta
008 230509b bl.||||| |||| 00| 0 por d
040 _aBR-BrBNA
_bpor
_cBiblioteca Nacional de Agricultura
041 _a(Pt)
072 _aP10; B50
090 _aP10 BR9214386
100 1 _aMedeiros, G.A.
100 1 _aTeixeira Filho, J.
111 1 _a20. Congresso Brasileiro de Engenharia Agricola
_cLondrina, PR (Brazil)
_d21-26 Jul 1991
245 1 _aInfluencia da agricultura no desenvolvimento da hidrologia ate o seculo 16
246 1 _aAgricultural influence in the hidrology development up to 16 century
246 1 _aAnnals of 20. Brazilian Congress of Agricultural Engineering
260 3 _aLondrina, PR (Brasil):
_c1992.
500 _aAnais do 20. Congresso Brasileiro de Engenharia Agricola Londrina, PR (Brasil): 1992. v. 2 p. 1400-1411 (BR9214386-AM)P10
650 _aHidrologia
650 _aHistoria
773 0 _tAnais do 20. Congresso Brasileiro de Engenharia Agricola
_wP10 BR9214386
_gLondrina, PR (Brasil), 1992. v. 2 p. 1400-1411
909 _a202404
_bLucia
_c55
_dLucia Elande
942 _cAM
_2AGRIS
999 _c322217
_d322217